000 03209nam a22001577a 4500
041 _aukr
080 _a09
090 _bДЖИ
100 _aДжиган Н.Г.
245 _aВербальні та невербальні ознаки реалізації неправдивого висловлювання (на основі творів Ж.Сіменона "Повішений із Сен-Фольєна" та А.Крісті "Різдво Е.Пуаро")
260 _aОстрог
_bКАФ
_c2013
300 _a101
520 _aРозділ 1. Особливості неправдивого висловлювання в людському спілкуванні. 1.1. Неправдиве висловлювання: його природа, форма та прояви. 1.2. Виявлення неправдивого висловлювання. 1.3. Вербальні ознаки виявлення брехні. 1.4. Виявлення брехні за невербальними ознаками. Розділ 2. Аналіз реалізації неправдивих висловлювань (на основі детективу Жоржа Сіменона "Повішений із Сен-Фольєна"). 2.1. Детективний жанр у контексті аналізу реалізації неправдивого висловлювання. 2.2. Аналіз вербальних ознак реалізації неправдивого висловлювання у творі Жоржа Сіменона "Повішений із Сен-Фольєна". 2.3. Вербальні та невербальні ознаки прояву неправдивих висловлювань твору. Розділ 3. Дослідження виявів неправдивих висловлювань (на основі детективу Агати Крісті "Різдво Еркюля Пуаро"). 3.1. Вербальні ознаки реалізації неправдивого висловлювання у творі Агати Крісті "Різдво Еркюля Пуаро". 3.2. Вербальні та невербальні ознаки прояву неправдивих висловлювань твору. Розділ 4. Порівняльний аналіз вербального та невербального рівнів вираження неправдивого висловлювання у творах детективного жанру (на основі творів Ж.Сіменона "Повішений із Сен-Фольєна" та А.Крісті "Різдво Е.Пуаро"). 4.1. Вербальні засоби брехні у творах. 4.2. Аналіз невербальних та вербальних ознак реалізації неправдивого висловлювання у текстах. Розділ 5. Охорона праці та безпека в надзвичайних ситуаціях (електробезпека на виробництві).
_0Неправдиве висловлювання, Сіменон, Кріст, детектив
650 _aResearch Papers
999 _c285105
_d285105
942 _cBK